[Event "George Trundle Qualifiers"]
[Site "Auckland"]
[Date "2018.07.12"]
[Round "6"]
[White "Picken, Oliver"]
[Black "Nyberg, Michael"]
[Result "0-1"]
[WhiteElo "1813"]
[BlackElo "1917"]
[PlyCount "52"]
[EventDate "2018.07.07"]
[EventType "tourn"]
[EventRounds "9"]
[EventCountry "NZL"]
[SourceTitle "EXT 2019"]
[Source "ChessBase"]
[SourceDate "2018.10.10"]
[SourceVersion "1"]
[SourceVersionDate "2018.10.10"]
[SourceQuality "1"]

1. e4 e6 2. Nf3 b6 3. d4 Bb7 4. Bd3 c5 5. c3 Nf6 6. Qe2 Be7 7. Bd2 d6 8. 0-0 Nbd7 9. Re1 cxd4 10. cxd4 e5 11. d5 0-0 12. Nc3 Nc5 13. Bc2 Ba6 14. Qd1 Rc8 15. b4 Nd3 16. Bxd3 Bxd3 17. Re3 Bc4 18. Nh4 Nxd5 19. exd5 Bxh4 20. Rh3 g6 21. Ne4 Bxd5 22. Nxd6 Bxf2+ 23. Kxf2 Qxd6 24. Qe1 Be6 25. Rh4 Rc2 26. Rd1 Rd8 0-1

[Event "George Trundle Qualifiers"]
[Site "Auckland"]
[Date "2018.07.10"]
[Round "4"]
[White "Picken, Oliver"]
[Black "Steadman, Michael VR"]
[Result "0-1"]
[WhiteElo "1813"]
[BlackElo "2223"]
[PlyCount "134"]
[EventDate "2018.07.07"]
[EventType "tourn"]
[EventRounds "9"]
[EventCountry "NZL"]
[SourceTitle "EXT 2019"]
[Source "ChessBase"]
[SourceDate "2018.10.10"]
[SourceVersion "1"]
[SourceVersionDate "2018.10.10"]
[SourceQuality "1"]

1. e4 Nc6 2. Nf3 d6 3. d4 Nf6 4. Nc3 g6 5. Be3 Bg7 6. h3 a6 7. Qd2 h6 8. Be2 e6 9. 0-0 d5 10. e5 Nd7 11. a3 Ne7 12. Na2 Nf5 13. c3 c5 14. Bd3 b6 15. Nc1 Bb7 16. b4 a5 17. Ne2 Qe7 18. Rfb1 Nxe3 19. Qxe3 axb4 20. axb4 0-0 21. Rxa8 Bxa8 22. Qd2 Bc6 23. Ra1 Qd8 24. bxc5 bxc5 25. Qb2 Qc7 26. Nf4 Rb8 27. Qc2 Nf8 28. Rb1 Rb6 29. Rxb6 Qxb6 30. Qb1 Nd7 31. Qxb6 Nxb6 32. Kf1 g5 33. Ne2 Nd7 34. Ke1 f6 35. exf6 Bxf6 36. Kd2 Kf7 37. Ke3 Bd8 38. dxc5 Be7 39. Ned4 Bxc5 40. Ke2 Ba4 41. Bb5 Bxb5+ 42. Nxb5 Kf6 43. g4 Nf8 44. Ne1 Bb6 45. Nd3 Ng6 46. Nd6 Bd8 47. c4 Ke7 48. c5 Bc7 49. Nb5 Kd7 50. Nxc7 Kxc7 51. Ke3 e5 52. Nb4 Nf4 53. Kf3 Kd7 54. Ke3 Ke6 55. Kf3 Nxh3 56. c6 Nf4 57. c7 Kd7 58. Na6 Ne6 59. c8Q+ Kxc8 60. Nb4 Nf4 61. Nc6 Ng6 62. Nb4 Ne7 63. Ke3 Kd7 64. Nd3 Kd6 65. Nc1 Nc6 66. Ne2 e4 67. Ng3 Ke5 0-1

[Event "NZL-ch op rapid"]
[Site "Palmerston North"]
[Date "2018.01.10"]
[Round "6"]
[White "Picken, Oliver"]
[Black "Calitz, Hananke"]
[Result "1-0"]
[WhiteElo "1899"]
[BlackElo "1621"]
[PlyCount "57"]
[EventDate "2018.01.10"]
[EventType "swiss (rapid)"]
[EventRounds "9"]
[EventCountry "NZL"]
[SourceTitle "EXT 2019"]
[Source "ChessBase"]
[SourceDate "2018.10.10"]
[SourceVersion "1"]
[SourceVersionDate "2018.10.10"]
[SourceQuality "1"]

1. e4 e6 2. Nf3 d5 3. e5 c5 4. b4 a6 5. bxc5 Bxc5 6. d4 Bb6 7. c3 Nc6 8. Bd3 Nge7 9. Be3 Bc7 10. Nbd2 Bd7 11. Ng5 h6 12. Qh5 g6 13. Qh3 b5 14. Ngf3 Nf5 15. g4 Nxe3 16. fxe3 f5 17. gxf5 exf5 18. Rg1 Ne7 19. Qh4 Ba5 20. Rc1 Qb6 21. Nb3 0-0-0 22. Qxe7 g5 23. Qa3 Be6 24. Qxa5 Qxa5 25. Nxa5 Rd7 26. Nb3 Rc7 27. Nc5 Rc6 28. Nxe6 Rxe6 29. Bxf5 1-0

[Event "Manawatu op rapid"]
[Site "Palmerston North"]
[Date "2018.01.06"]
[Round "6"]
[White "Picken, Oliver"]
[Black "Punsalan, Vyanla M"]
[Result "1/2-1/2"]
[WhiteElo "1899"]
[BlackElo "1900"]
[PlyCount "74"]
[EventDate "2018.01.05"]
[EventType "swiss (rapid)"]
[EventRounds "6"]
[EventCountry "NZL"]
[SourceTitle "EXT 2019"]
[Source "ChessBase"]
[SourceDate "2018.10.10"]
[SourceVersion "1"]
[SourceVersionDate "2018.10.10"]
[SourceQuality "1"]

1. d4 f5 2. Nc3 Nf6 3. Bg5 e6 4. e4 fxe4 5. Nxe4 Be7 6. Bxf6 Bxf6 7. Nf3 b6 8. Bd3 Nc6 9. c3 Bb7 10. Qc2 Qe7 11. 0-0-0 0-0-0 12. Rhe1 Qf7 13. Kb1 Kb8 14. Nfd2 Rc8 15. Nxf6 gxf6 16. g3 Nd8 17. Be4 d5 18. Bg2 c5 19. dxc5 bxc5 20. Nb3 Qc7 21. Qd2 Rg8 22. Bh3 Qb6 23. Qh6 a5 24. Qxf6 Rg6 25. Qe5+ Ka7 26. f4 Rh6 27. Bg4 a4 28. Nc1 Rxh2 29. Re2 Rxe2 30. Qxe2 Rb8 31. a3 Bc8 32. Nd3 Nc6 33. Qh2 Rb7 34. Rd2 Na5 35. Kc1 Nc4 36. Re2 d4 37. cxd4 cxd4 1/2-1/2

[Event "Manawatu op rapid"]
[Site "Palmerston North"]
[Date "2018.01.05"]
[Round "2"]
[White "He, Caleb"]
[Black "Picken, Oliver"]
[Result "0-1"]
[WhiteElo "1463"]
[BlackElo "1899"]
[PlyCount "72"]
[EventDate "2018.01.05"]
[EventType "swiss (rapid)"]
[EventRounds "6"]
[EventCountry "NZL"]
[SourceTitle "EXT 2019"]
[Source "ChessBase"]
[SourceDate "2018.10.10"]
[SourceVersion "1"]
[SourceVersionDate "2018.10.10"]
[SourceQuality "1"]

1. e4 c5 2. Nf3 d6 3. d4 cxd4 4. Qxd4 Nc6 5. Bb5 Bd7 6. Bxc6 Bxc6 7. c4 Nf6 8. Nc3 e6 9. Bg5 Be7 10. 0-0 h6 11. Bh4 0-0 12. Rfe1 a6 13. a4 Qc7 14. b4 Bd7 15. b5 Rac8 16. Nd2 Rfd8 17. Ne2 Be8 18. Rac1 Qd7 19. Ng3 g5 20. Bxg5 hxg5 21. Re3 d5 22. h3 dxc4 23. Qxd7 Rxd7 24. Nxc4 axb5 25. axb5 Rdc7 26. Rec3 Bxb5 27. Rb3 Rxc4 28. Rxc4 Bxc4 29. Rc3 b5 30. e5 Nd5 31. Rc2 b4 32. Ne4 b3 33. Rb2 Ba3 34. Rb1 b2 35. Nd2 Bd3 36. Re1 Rc1 0-1

[Event "NZL-ch Major op"]
[Site "Palmerston North"]
[Date "2018.01.05"]
[Round "5"]
[White "Picken, Oliver"]
[Black "Winfield, Alan W"]
[Result "1-0"]
[WhiteElo "1769"]
[BlackElo "1726"]
[PlyCount "55"]
[EventDate "2018.01.01"]
[EventType "swiss"]
[EventRounds "9"]
[EventCountry "NZL"]
[SourceTitle "EXT 2019"]
[Source "ChessBase"]
[SourceDate "2018.10.10"]
[SourceVersion "1"]
[SourceVersionDate "2018.10.10"]
[SourceQuality "1"]

1. d4 e6 2. Bf4 f5 3. Nc3 Nf6 4. Nf3 Be7 5. e3 0-0 6. Bd3 c5 7. Qd2 cxd4 8. exd4 b6 9. 0-0-0 d6 10. h3 Nh5 11. Bg5 Bb7 12. Bxe7 Qxe7 13. Rde1 Qd7 14. Bc4 d5 15. Bd3 Nc6 16. Ne5 Nxe5 17. Rxe5 Nf6 18. f3 a6 19. g4 g6 20. Qg5 Kh8 21. h4 fxg4 22. h5 gxh5 23. fxg4 Qg7 24. Qxg7+ Kxg7 25. g5 Ng4 26. Rxe6 Nf2 27. Re7+ Rf7 28. Rxf7+ 1-0

[Event "Hamilton Waikato op"]
[Site "Hamilton"]
[Date "2017.08.11"]
[Round "1"]
[White "Picken, Oliver"]
[Black "Polishchuk, Kirill"]
[Result "0-1"]
[WhiteElo "1866"]
[BlackElo "2132"]
[PlyCount "90"]
[EventDate "2017.08.11"]
[EventType "swiss"]
[EventRounds "6"]
[EventCountry "NZL"]
[SourceTitle "CBM 180 Extra"]
[Source "ChessBase"]
[SourceDate "2017.10.06"]
[SourceVersion "1"]
[SourceVersionDate "2017.10.06"]
[SourceQuality "1"]

1. e4 Nc6 2. Nf3 d6 3. d4 Nf6 4. Nc3 g6 5. Be3 Bg7 6. Qd2 Ng4 7. Bf4 e5 8. dxe5 Ngxe5 9. Nxe5 dxe5 10. Qxd8+ Nxd8 11. Be3 c6 12. 0-0-0 Ne6 13. a4 0-0 14. Bc4 Nd4 15. Ne2 b5 16. Bxd4 exd4 17. axb5 c5 18. h3 Rb8 19. Rd3 Bd7 20. Ra3 Bxb5 21. Bxb5 Rxb5 22. Rxa7 Rfb8 23. Ra2 Re8 24. Ng3 h5 25. h4 Reb8 26. Nf1 c4 27. f4 c3 28. bxc3 Rb1+ 29. Kd2 dxc3+ 30. Kd3 Rd8+ 31. Ke3 Rdd1 32. e5 Bf8 33. Ra8 Rdc1 34. Rc8 Rxc2 35. Kd3 Rcc1 36. f5 Rxf1 37. Rxf1 Rxf1 38. fxg6 fxg6 39. Rxc3 Re1 40. Kd4 Rxe5 41. Kxe5 Bg7+ 42. Kf4 Bxc3 43. g4 Bd2+ 44. Kf3 hxg4+ 45. Kxg4 Kh7 0-1

[Event "Auckland Anniversary op"]
[Site "Auckland"]
[Date "2017.01.28"]
[Round "3"]
[White "Mcougall, Euan"]
[Black "Picken, Oliver"]
[Result "0-1"]
[WhiteElo "1343"]
[BlackElo "1853"]
[PlyCount "64"]
[EventDate "2017.01.27"]
[EventType "swiss"]
[EventRounds "7"]
[EventCountry "NZL"]
[SourceTitle "EXT 2018"]
[Source "ChessBase"]
[SourceDate "2017.10.13"]
[SourceVersion "1"]
[SourceVersionDate "2017.10.13"]
[SourceQuality "1"]

1. e4 e5 2. Nf3 Nc6 3. Bb5 f5 4. d3 fxe4 5. dxe4 Nf6 6. Nc3 d6 7. Bg5 Be7 8. Bxc6+ bxc6 9. 0-0 0-0 10. Qe2 Be6 11. Rad1 Qe8 12. b3 Nh5 13. Bxe7 Qxe7 14. Nxe5 Nf4 15. Qe3 dxe5 16. g3 Nh3+ 17. Kh1 Ng5 18. f4 exf4 19. gxf4 Nf7 20. f5 Bc8 21. Rg1 Bxf5 22. Rdf1 Bg6 23. Qg3 Nd6 24. Rxf8+ Rxf8 25. e5 Ne4 26. Qxg6 Nf2+ 27. Kg2 hxg6 28. Ne2 Qxe5 29. Ng3 Qd5+ 30. Kf1 Ng4+ 31. Ke1 Re8+ 32. Kf1 Qf3# 0-1

[Event "NZL-ch op 124th"]
[Site "Wellington"]
[Date "2017.01.05"]
[Round "5"]
[White "Milligan, Helen"]
[Black "Picken, Oliver"]
[Result "1-0"]
[WhiteElo "2062"]
[BlackElo "1853"]
[PlyCount "97"]
[EventDate "2017.01.01"]
[EventType "swiss"]
[EventRounds "9"]
[EventCountry "NZL"]
[SourceTitle "CBM 176 Extra"]
[Source "ChessBase"]
[SourceDate "2017.03.02"]
[SourceVersion "1"]
[SourceVersionDate "2017.03.02"]
[SourceQuality "1"]

1. e4 c5 2. Nf3 d6 3. Bb5+ Nc6 4. d4 cxd4 5. Qxd4 Qa5+ 6. Nc3 Qxb5 7. Nxb5 Nxd4 8. Nfxd4 Kd8 9. c4 g6 10. Be3 Bg7 11. Rd1 b6 12. e5 a6 13. Nc3 Bxe5 14. Nc6+ Kc7 15. Nxe5 dxe5 16. Nd5+ Kc6 17. Nxb6 Rb8 18. Rd8 Kc7 19. Rxc8+ Rxc8 20. Nxc8 Kxc8 21. Bc5 e6 22. Bf8 h5 23. Bg7 Rh7 24. Bxe5 f6 25. Bc3 Rc7 26. b3 f5 27. Ke2 Ne7 28. Rd1 Nc6 29. Rd6 Kb7 30. Rxe6 g5 31. Rg6 g4 32. Rg7 Rxg7 33. Bxg7 Nb4 34. a3 Nc6 35. Bc3 f4 36. g3 f3+ 37. Ke3 Kc7 38. Kf4 Kd6 39. Kf5 Ne7+ 40. Kf6 Nc6 41. b4 Ne7 42. b5 axb5 43. Bb4+ Kc6 44. cxb5+ Kxb5 45. Bxe7 Kc4 46. Kg5 Kd3 47. Kxh5 Ke2 48. Bc5 Kf1 49. Kxg4 1-0

[Event "NZL-ch op 124th"]
[Site "Wellington"]
[Date "2017.01.01"]
[Round "1"]
[White "Croad, Nicholas"]
[Black "Picken, Oliver"]
[Result "1-0"]
[WhiteElo "2278"]
[BlackElo "1853"]
[PlyCount "49"]
[EventDate "2017.01.01"]
[EventType "swiss"]
[EventRounds "9"]
[EventCountry "NZL"]
[SourceTitle "CBM 176 Extra"]
[Source "ChessBase"]
[SourceDate "2017.03.02"]
[SourceVersion "1"]
[SourceVersionDate "2017.03.02"]
[SourceQuality "1"]

1. d4 e6 2. c4 b6 3. Nf3 Bb7 4. g3 f5 5. Bg2 Nf6 6. 0-0 Be7 7. d5 exd5 8. Nd4 g6 9. cxd5 Nxd5 10. Nxf5 Nc3 11. Nxc3 Bxg2 12. Kxg2 gxf5 13. Qd5 Nc6 14. Qxf5 Qc8 15. Qh5+ Kd8 16. Nd5 Qb7 17. Kg1 Bd6 18. Rd1 a6 19. Bh6 Rg8 20. Qf7 Rg6 21. Nf6 Kc8 22. Rac1 Rxh6 23. Rxd6 cxd6 24. Qe8+ Kc7 25. Nd5# 1-0

[Event "Auckland Morrison Memorial"]
[Site "Auckland"]
[Date "2016.10.23"]
[Round "4"]
[White "Fairley, Natasha"]
[Black "Picken, Oliver"]
[Result "0-1"]
[WhiteElo "1777"]
[BlackElo "1739"]
[PlyCount "102"]
[EventDate "2016.10.21"]
[EventType "swiss"]
[EventRounds "6"]
[EventCountry "NZL"]
[SourceTitle "EXT 2018"]
[Source "ChessBase"]
[SourceDate "2017.10.13"]
[SourceVersion "1"]
[SourceVersionDate "2017.10.13"]
[SourceQuality "1"]

1. e4 c5 2. c4 e5 3. Nc3 Nc6 4. d3 d6 5. g3 g6 6. Bg2 Bg7 7. Bd2 Nge7 8. Nge2 Be6 9. Nd5 h6 10. Qc1 a5 11. Nec3 Nd4 12. Nxe7 Qxe7 13. Nd5 Qd8 14. h3 Rc8 15. f4 Bxd5 16. cxd5 exf4 17. Bxf4 0-0 18. Rf1 Kh7 19. Rf2 b5 20. Qd2 a4 21. Rb1 b4 22. Kf1 Qd7 23. Be3 Nb5 24. Qc1 Rc7 25. Kg1 Rfc8 26. Qf1 Kg8 27. Kh2 Qe8 28. Bf3 h5 29. h4 Be5 30. Qg2 Qd8 31. Kh3 Qf8 32. Bd1 a3 33. bxa3 Nxa3 34. Rb3 Ra8 35. Rd2 Bc3 36. Rf2 Ra6 37. Kh2 Be5 38. Rd2 Qe7 39. Kh3 Bc3 40. Rf2 Qe8 41. Re2 Qd7+ 42. Kh2 Qb5 43. Bd2 Qxd3 44. Bxc3 bxc3 45. Qf1 Ra8 46. Kh3 c4 47. Rb6 c2 48. Bxc2 Nxc2 49. Rxd6 Nd4 50. Rf2 Qxf1+ 51. Rxf1 c3 0-1

[Event "Auckland Morrison Memorial"]
[Site "Auckland"]
[Date "2016.10.23"]
[Round "5"]
[White "Picken, Oliver"]
[Black "Hague, Ben"]
[Result "0-1"]
[WhiteElo "1739"]
[BlackElo "2339"]
[PlyCount "42"]
[EventDate "2016.10.21"]
[EventType "swiss"]
[EventRounds "6"]
[EventCountry "NZL"]
[SourceTitle "EXT 2018"]
[Source "ChessBase"]
[SourceDate "2017.10.13"]
[SourceVersion "1"]
[SourceVersionDate "2017.10.13"]
[SourceQuality "1"]

1. d4 Nf6 2. Nc3 d5 3. Bf4 Bf5 4. e3 e6 5. f3 Be7 6. Bd3 Bxd3 7. Qxd3 0-0 8. 0-0-0 c5 9. dxc5 Na6 10. c6 Nb4 11. Qe2 Nxc6 12. h4 Qa5 13. Qf2 b5 14. Kb1 Rfc8 15. Rc1 Nb4 16. Nge2 Rc6 17. Qe1 Ra6 18. Nd4 Nxa2 19. Na4 Nc3+ 20. Qxc3 Qxa4 21. Rcd1 Qa1# 0-1

[Event "NZL-ch U08/18 op"]
[Site "Palmerston North"]
[Date "2016.09.28"]
[Round "4"]
[White "Calitz, Hananke"]
[Black "Picken, Oliver"]
[Result "1/2-1/2"]
[WhiteElo "1592"]
[BlackElo "1739"]
[PlyCount "104"]
[EventDate "2016.09.27"]
[EventType "swiss"]
[EventRounds "7"]
[EventCountry "NZL"]
[SourceTitle "EXT 2018"]
[Source "ChessBase"]
[SourceDate "2017.10.13"]
[SourceVersion "1"]
[SourceVersionDate "2017.10.13"]
[SourceQuality "1"]

1. d4 e6 2. Nf3 f5 3. e3 Nf6 4. Bd3 b6 5. 0-0 Bb7 6. c3 Be7 7. Nbd2 0-0 8. Qe2 Qe8 9. e4 fxe4 10. Nxe4 Qh5 11. Ng3 Qe8 12. Ne5 Nc6 13. f4 g6 14. Ng4 Nxg4 15. Qxg4 Kh8 16. Ne4 Qf7 17. Ng5 Qg7 18. Rf3 h5 19. Rh3 Kg8 20. Qg3 Bf6 21. Ne4 Ne7 22. Bd2 Nf5 23. Nxf6+ Qxf6 24. Bxf5 Qxf5 25. Re1 d6 26. Qg5 Qxg5 27. fxg5 Bd5 28. b3 b5 29. g4 hxg4 30. Rg3 Rf5 31. Rxg4 Raf8 32. Be3 a5 33. Rg3 R8f7 34. Rc1 Be4 35. h4 Kg7 36. Kh2 Rf8 37. Kg1 Rh8 38. Rh3 Bf3 39. Rf1 Bg4 40. Rh2 Kf7 41. Kg2 Ke7 42. Rxf5 exf5 43. Kg3 Ke6 44. Rh1 Kd5 45. Re1 Re8 46. Bf2 Rxe1 47. Bxe1 a4 48. Kf4 Bd1 49. bxa4 bxa4 50. Ke3 Kc4 51. Kd2 Bg4 52. Bg3 Bh5 1/2-1/2

[Event "Auckland North Shore op 43rd"]
[Site "Auckland"]
[Date "2016.08.21"]
[Round "5"]
[White "Picken, Oliver"]
[Black "Polishchuk, Kirill"]
[Result "0-1"]
[WhiteElo "1642"]
[BlackElo "2141"]
[PlyCount "64"]
[EventDate "2016.08.20"]
[EventType "swiss"]
[EventRounds "5"]
[EventCountry "NZL"]
[SourceTitle "CBM 174 Extra"]
[Source "ChessBase"]
[SourceDate "2016.10.10"]
[SourceVersion "1"]
[SourceVersionDate "2016.10.10"]
[SourceQuality "1"]

1. d3 e5 2. c4 Nc6 3. g3 f5 4. Bg2 Nf6 5. Nd2 a5 6. Ngf3 Bc5 7. e3 0-0 8. b3 f4 9. Nf1 d6 10. d4 exd4 11. gxf4 Ne4 12. exd4 Nc3 13. Qc2 Bf5 14. Qb2 Nxd4 15. Nxd4 Bxd4 16. Be3 Qe7 17. Rc1 Bxe3 18. fxe3 Ne4 19. Nd2 Qh4+ 20. Kd1 Nf2+ 21. Ke2 Nd3 22. Bd5+ Kh8 23. Qd4 Nxc1+ 24. Rxc1 Qxh2+ 25. Kd1 Qg1+ 26. Ke2 Qxc1 27. e4 Bg4+ 28. Kd3 Rxf4 29. Bxb7 Raf8 30. Bd5 Rf3+ 31. Nxf3 Rxf3+ 32. Ke2 Rf1+ 0-1